000 01573nam a2200361 c 4500
003 BLK
005 20230811123718.0
008 180409b bul|||||r ||||||| ||bul||
010 _aKNG00112083000
020 _a954-9745-69-4
_bиздат.: Еднорог
040 _aBLK
041 _aRUS
_cBUL
080 _aРуска литература
_b821.161.1
_x-312.4
_z821.161.1-312.4
100 1 _aАкунин, Борис
_eпърви автор
_gЧхартишвили, Григорий Шалвович
_929916
700 1 _aЧхартишвили, Григорий Шалвович
_e*
_9372450
700 1 _aБранц, София Азариева
_eпрев.
_9364087
139 _aАкунин, Борис
_bА 45
245 1 0 _aКоронация
_bРоман
_cБорис Акунин; * Григорий Шалвович Чхартишвили; прев. София Азариева Бранц.
257 _aRUS
260 София
_bЕднорог
_c2004
300 _a373 с.
_c20 см
380 _aX
490 1 _aПоредица Приключенията на Ераст Фандорин
500 _aИстинското име на авт. е Григорий Шалвович Чхартишвили. - Ориг. загл. Коронация / B. Akunin. - Офс. изд.
653 _aромани
653 _aЕраст Фандорин
852 _aЦб 218830
856 4 _qpdf
_u
856 4 _qpdf
_u
942 _cKNG
_n0
_06
944 _aCR
_c05.04.2004
_k30575
_lМартин Енчев
944 _aED
_c25.05.2010
_k
999 _c106818
_d106818